Ricos flacos y gordos pobres : la alimentación en crisis /
Guardado en:
| Autor Principal: | |
|---|---|
| Formato: | Libro |
| Idioma: | Undetermined |
| Publicado: |
Buenos Aires :
Capital Intelectual,
2011.
|
| Edición: | 1era ed. |
| Series: | Claves del siglo XXI
|
| Materias: | |
| Etiquetas: |
Agregar Etiqueta
Sin Etiquetas, Sea el primero en etiquetar este registro!
|
| LEADER | 00914nam a22002175a 4500 | ||
|---|---|---|---|
| 001 | CEM.cems025179 | ||
| 008 | 260514s2011####ag############000#0#und#d | ||
| 005 | 20260514123147.0 | ||
| 245 | 1 | 0 | |a Ricos flacos y gordos pobres : |b la alimentación en crisis / |c Patricia Aguirre. |
| 250 | |a 1era ed. | ||
| 260 | |a Buenos Aires : |b Capital Intelectual, |c 2011. | ||
| 300 | |a 123 p. ; |c 20 cm. | ||
| 490 | 1 | |a Claves del siglo XXI | |
| 505 | 0 | |a Qué comen los que comen y cómo cambió la dieta humana en los últimos tiempos. Patricia Aguirre, antropóloga y experta en el tema responde a estos y otros interrogantes vinculados al poco explorado tema de la alimentación como hecho histórico, social y cultural. | |
| 020 | |a 9876142250 | ||
| 100 | 1 | |a Aguirre, Patricia, |d 2011. | |
| 082 | 0 | 4 | |a 363.8 |
| 653 | |a Hambre | ||
| 653 | |a Desnutrición | ||
| 653 | |a Pobreza | ||
| 859 | |a CEMS |b BIB. CEMS - Agricultura |h 363.8 |i Ag94 |p A4167.26 |t Ej.1 | ||
